• 首页
  • 本馆介绍
  • 公告通知
  • 最新文献
  • 馆藏检索
  • 电子资源
  • 读者导购
  • 参考咨询
  • 我的图书馆
  • 登录
  • 详细信息显示
  • 放入我的书架
  • 预约/预借图书
  • 作者相关作品
  • 分类相关作品
  • 丛书相关作品
  • 出版社相关作品

书目信息

  • 表格格式
  • 工作单格式
  • 卡片格式
题名:
政治学基础
    
 
作者: 王浦劬 主编
分册:  
出版信息: 北京   北京大学出版社  2006
页数: 11,344页
开本: 23cm
丛书名:
单 册:
中图分类: D0
科图分类:
主题词: 政治学--高等学校--教材 , 政治学
电子资源:
ISBN: 7-301-09996-7
000 00946nam0 2200277 450
001 012007916605
005 20070622105819.34
010    @a7-301-09996-7@dCNY36.00
100    @a20070509d2006 km y0chiy0120 ea
101 0  @achi
102    @aCN@b110000
105    @ay z 000yy
106    @ar
200 1  @a政治学基础@Azheng zhi xue ji chu@f王浦劬主编@Fwang pu qu zhu bian
205    @a2版
210    @a北京@c北京大学出版社@d2006
215    @a11,344页@d23cm
300    @a国家精品教材北京市高等教育精品教材立项项目21世纪政治学系列教材
330    @a本书作者运用马克思主义利益分析方法, 对于包括阶级利益在内的社会利益的两重性展开深入分析, 以此为逻辑起点, 揭示了社会政治生活的政治权力现象和政治权利现象的基础、本质和特性。
510 1  @aFoundations of politics@zeng
606 0  @a政治学@x高等学校@j教材
606 0  @a政治学
690    @aD0@v4
701  0 @a王浦劬@Awang pu qu@4主编
801  0 @aCN@bRULIN@c20070622
905    @dD0@e200=2@s8
    
    政治学基础/王浦劬主编.-2版.-北京:北京大学出版社,2006
    11,344页;23cm
    国家精品教材北京市高等教育精品教材立项项目21世纪政治学系列教材
    
    ISBN 7-301-09996-7:CNY36.00
    本书作者运用马克思主义利益分析方法, 对于包括阶级利益在内的社会利益的两重性展开深入分析, 以此为逻辑起点, 揭示了社会政治生活的政治权力现象和政治权利现象的基础、本质和特性。
●
相关链接 在E读中查询图书 在五车中查询图书 在当当中查询图书 在豆瓣中查询图书


正题名:政治学基础     索取号:D0/200=2         预约/预借

序号 登录号 条形码 馆藏地/架位号 状态 备注
1 0578241   205782410   第一样本阅览室/ [索取号:D0/200=2] 在馆    
2 0578242   205782429   第一借阅区/ [索取号:D0/200=2] 已借出,限还日期为2011.07.13
借出人:谷世海  
 
3 0578243   205782438   第一借阅区/ [索取号:D0/200=2] 在馆    
4 0578244   205782447   第一借阅区/ [索取号:D0/200=2] 在馆    
5 0578245   205782456   第一借阅区/ [索取号:D0/200=2] 在馆    
6 0578246   205782465   第一借阅区/ [索取号:D0/200=2] 在馆    
7 0578247   205782474   第一借阅区/ [索取号:D0/200=2] 在馆    
8 0578248   205782483   第一借阅区/ [索取号:D0/200=2] 在馆    
唐山师范学院图书馆 欢迎您!
大连网信软件有限公司© 版权所有